| 000 | 01236nam a2200505Ia 4500 | ||
|---|---|---|---|
| 005 | 20250425162125.0 | ||
| 008 | 250425s9999 xx 000 0 und d | ||
| 041 | _aspa | ||
| 082 | _a639.4811 | ||
| 100 | _aALVAREZ ARELLANO, HENRY | ||
| 245 | 0 | _aCULTIVO DE MICROALGAS: MANUAL DE USO PARA ACUICULTURA TROPICAL | |
| 250 | _a1A ED. | ||
| 260 |
_aEcuador _bESPOL.FIMCM. ING. ACUACULTURA _c2003 |
||
| 260 |
_aGUAYAQUIL _bESPOL |
||
| 300 | _a48 | ||
| 650 | _aALGAS-CULTIVO | ||
| 650 | _aALGAS-CULTIVO | ||
| 650 | _aALGAS-CULTIVO | ||
| 650 | _aALGAS-CULTIVO | ||
| 650 | _aALGAS-CULTIVO | ||
| 650 | _aALGAS-CULTIVO | ||
| 650 | _aALGAS-CULTIVO | ||
| 650 | _aALGAS-CULTIVO | ||
| 650 | _aALGAS-CULTIVO | ||
| 650 | _aMICROALGAS | ||
| 650 | _aMICROALGAS | ||
| 650 | _aMICROALGAS | ||
| 650 | _aMICROALGAS | ||
| 650 | _aMICROALGAS | ||
| 650 | _aMICROALGAS | ||
| 650 | _aMICROALGAS | ||
| 650 | _aMICROALGAS | ||
| 650 | _aMICROALGAS | ||
| 650 | _aNUTRIENTES | ||
| 650 | _aNUTRIENTES | ||
| 650 | _aNUTRIENTES | ||
| 650 | _aNUTRIENTES | ||
| 650 | _aNUTRIENTES | ||
| 650 | _aNUTRIENTES | ||
| 650 | _aNUTRIENTES | ||
| 650 | _aNUTRIENTES | ||
| 650 | _aNUTRIENTES | ||
| 942 | _c01 | ||
| 010 | _a51318 | ||
| 999 |
_c222792 _d222792 |
||